000 00441nam a22001697a 4500
005 20251108172201.0
008 250721s1990 xx 000 0 ara d
082 1 4 _aق/بيا
100 1 _aروفايل، بيار
245 1 0 _aمعقل النسور /
264 1 _aبيروت :
_bدار الجيل،
_c1990.
300 _a
650 1 7 _aالأدب العربي
650 1 7 _aالروايات
942 _2ddc
_cBK
999 _c72570
_d72570